00816nam a22001937a 450000500170000000800400001705000190005724500740007625000110015026001000016130000190026150400340028065000530031465000430036770000400041094200130045099900170046395201420048020150124124422.0130423t mx||||| |||| 00| 0 spa d04aR723bE57 197800aEnsayos de Yatrofilisofía/ccompilador; Francisco Alonso de Florida a1a ed. aMéxico: bAcademia Nacional de medicina y la Asociación mexicana de Epistemiología,c1978 a144 p.;c22 cm aIncluye índice alfabético 72LEMBaFilosofía MédicaxMedicina Filosofía 72Teoría del ConocimientoxFilosofía1 aAlonso de Florida, Francisco; comp. 2ddccLIB c37130d37130 102lcc4070aUCIHbUCIHcGENERALd2013-04-23f1a. ed.hBCU000012317kCSoR723 E587 1978pBCU000012317r2015-01-16 00:00:00t1v1.00yLIB